[Event "Hastings 9798"]
[Site "Hastings"]
[Date "1998.01.04"]
[Round "6"]
[White "Nunn, John DM"]
[Black "Ward, Christopher"]
[Result "1-0"]
[WhiteElo "2620"]
[BlackElo "2485"]
[Annotator "Schulz,Andre"]
[PlyCount "71"]
[EventDate "1997.12.29"]
[EventType "tourn"]
[EventRounds "9"]
[EventCountry "ENG"]
[EventCategory "13"]
[SourceTitle "CBM 063"]
[Source "ChessBase"]
[SourceDate "1998.03.26"]
[SourceVersion "1"]
[SourceVersionDate "1998.03.26"]
[SourceQuality "1"]

1. e4 c5 2. Nf3 d6 3. d4 cxd4 4. Nxd4 Nf6 5. Nc3 g6 6. Be3 Bg7 7. f3 Nc6 8. Qd2
O-O 9. Bc4 ({Eine frühere Partie zwischen den beiden Spielern lief} 9. g4 Nxd4
10. Bxd4 Be6 11. h4 Qa5 12. h5 Rfc8 13. hxg6 hxg6 14. a3 Rab8 15. Bd3 Bc4 16.
Qh2 e5 17. Be3 Be6 18. Bh6 Bh8 19. O-O-O Qd8 20. Ne2 {1-0 Nunn,J-Ward,C/Lloyds
Bank op 1984/MCL 06 (28)}) 9... Bd7 10. O-O-O Qa5 {Der "alte" Aufbau mit Qa5
und Rfc8. Chris Ward spielt das regelmäßig mit insgesamt gutem Erfolg und
empfiehlt diese Variante auch in seinem lesenswerten Buch über die
Drachenvariante.} ({Beliebter ist} 10... Rc8) 11. h4 Ne5 12. Bb3 Rfc8 13. h5 (
13. Kb1 b5 $6 (13... Nc4 14. Bxc4 Rxc4 15. Nb3 Qc7 16. Bd4 Be6 17. h5 $14) 14.
Ncxb5 Qd8 $5 {N/} (14... Qa6) (14... Qxd2) 15. Qe2 $1 Rc5 16. Nc3 (16. g4 $6
Rb8 17. Nc3 Rxc3 18. bxc3 a5 $44) 16... Rb8 (16... Rac8 17. Nd5 $16) (16... Qc8
17. Ndb5 $16) 17. Ne6 $1 $16 {1-0 Glek,I-Ward,C/Copenhagen op 1995/EXP 47/
[Glek]}) 13... Nxh5 14. Nd5 {In der Mega-Datenbank 98 gibt es 12 Partien in
denen dieser Zug gespielt wurde. 8 mal gewann Weiß, 4 mal schaffte Schwarz ein
Remis. Das sieht nicht gut aus für Schwarz.} ({Die Alternativen sind} 14. Bh6)
({und} 14. g4 Nf6 15. Bh6) 14... Qxd2+ 15. Rxd2 Kf8 16. g4 Nf6 17. Rdh2 ({Oder
} 17. Nxf6 Bxf6 18. Rdh2 (18. Rxh7 Kg8 19. Rh1 (19. Rdh2 e6 $5 {/\b5,a5/})
19... a5 $1 (19... Nc4 20. Bxc4 Rxc4 21. Ne2 {/\Bd4+/=/}) 20. a3 (20. a4 $5 Nc4
21. Bxc4 Rxc4 22. b3 Rc3 23. Rd3 $10) 20... a4 21. Ba2 $6 (21. Bd5 $5 e6 22.
Bxb7 Nc4 23. Bxc8 Bxc8 24. g5 $1 $16) 21... b5 $1 $132 {1/2-1/2 Glek,I-Hodgson,
J/BL9495 1995/CBM 44/[Glek] (50)}) 18... Nc4 19. Bxc4 Rxc4 20. Rxh7 Rac8 21. c3
b5 22. Nc2 a5 23. Bd4 Bxd4 24. Nxd4 e5 25. Nc2 Be6 26. Kb1 Ke7 {1/2-1/2 Nataf,
I-Ward,C/Paris-London 1994/EXP 45 (54)}) 17... Nxd5 18. Bxd5 {Schwarz kann
nichts dagegen machen, daß Weiß über h7 auf der h-Line einbricht. Außerdem ist
nun auch b7 angegriffen. Wie soll sich Schwarz jetzt verhalten?} Nc6 ({Zu
ungleichen Materialverteilungen führt der taktische Versuch} 18... Bxg4 {
und nun:} 19. fxg4 (19. Bxb7 Nxf3 20. Nxf3 Bxf3 21. Rf1 Bh5 (21... Bxb2+ 22.
Kxb2 Rab8 23. Bh6+ (23. Rxf3 Rxb7+ 24. Kc1 h5) 23... Ke8 24. Rxf3 Rxb7+ 25. Rb3
$13) 22. Bxc8 Rxc8 $15 {Schwarz hat zwei Bauern für die Qualität. Die
Freibauern am Königsflügel können sehr gefährlich werden.}) (19. Rxh7 Nxf3 20.
Nxf3 Bxf3 21. Rf1 e6 22. Bxb7 Bh5 23. Bxa8 Rxa8 24. Rg1 $15 {Mit einem
gefangenen Rh7. Weiß kann in einem günstigen Moment die Qualität auf h5 geben,
hat aber sicher nicht mehr als Ausgleich.}) 19... Nxg4 20. Bxb7 (20. Kd2 $5
Nxh2 21. Rxh2 Rab8 22. Rxh7 Kg8 23. Rh1 $16 {Weiß hat zwei Figuren für Turm
und zwei Bauern und Schwarz hat Schwierigkeiten seine Türme ins Spiel zu
bringen.}) 20... Nxe3 21. Rxh7 $1 (21. Bxc8 $2 Rxc8 22. Nf3 h5 $17 {Schwarz
hat zwei Bauern für die Qualität und kann am Damenflügel angreifen oder die
Freibauern am Königsflügel vorziehen.}) 21... Bxd4 22. Bxc8 Rxc8 23. Rh8+ Bxh8
24. Rxh8+ Kg7 25. Rxc8 $16 {[%csl Ra7] Und der weiße a-Bauer wird vermutlich
das Rennen machen.}) (18... Rc7 19. Bh6 Bxh6+ 20. Rxh6 e6 21. Bb3 a5 22. Rxh7
Rac8 23. a3 b5 24. g5 Nd3+ 25. Kb1 Nc5 26. Ba2 b4 27. axb4 axb4 28. R1h4 $14 {
1-0 Olafsson,F-Hort,V/Reykjavik 1972/Inf 13 (46)}) 19. Nxc6 bxc6 (19... Bxc6
20. Rxh7 (20. Bb3 $5) 20... Bxd5 21. exd5 Bf6 $5 22. Z0 $140 (22. g5 Bg7) 22...
Kg8 23. Z0 Rc4 24. Z0 Rac8) 20. Bc4 $16 {Das Endspiel nimmt nun einen
überraschend schnellen Verlauf zugunsten von Weiß.} h6 {Nach dem Abtausch der
schwarzfeldrigen Läufer bleibt mit dem aktiven Bc4 übrig und Schwarz mit der
Krücke auf d7. Aber Schwarz konnte den Abtausch ohnehin nicht verhindern.} 21.
Bxh6 Bxh6+ 22. Rxh6 e6 $2 {Schwarz sucht ein Fluchtfeld für den König. Aber
nun wird der Bd7 zum Bauern.} (22... e5 $5 23. Rh7 Be8 $16) 23. f4 $1 Ke7 24.
e5 dxe5 ({Nach} 24... d5 25. Bd3 c5 26. Rh7 {ist Schwarz am Königsflügel
pleite.}) 25. fxe5 {Aber auch jetzt hat Schwarz keinerlei Gegenspiel.} a5 26.
Rh7 a4 27. Rf1 Be8 (27... Rf8 28. Bd3 Ke8 $140 29. Bxg6 $18) 28. Rf6 $18 (28.
Bd3 g5 29. Bg6 $18) 28... Ra5 (28... Kd8 29. Bxe6 fxe6 30. Rxe6 Bd7 31. Rd6 Ra7
32. e6 $18) 29. Rxe6+ Kd8 30. Rd6+ Ke7 31. Re6+ Kd8 32. Rf6 Rxe5 33. Bxf7 Ke7
34. g5 Rxg5 35. Re6+ Kf8 36. Bxe8 1-0